Tsars de l'Empire Bulgare - Statistiques

Statistiques générales
  • Ce quiz a été pris 15 fois
  • Le résultat moyen est 8 sur 53
Statistiques - réponses
Règne Tsars % Correct
969 - 971 Boris II
77%
1918 - 1943 Boris III
77%
1943 - 1946 Siméon II
62%
1185 - 1190 Théodore - Pierre
54%
1331 - 1371 Ivan Alexandre
46%
997 - 1014 Samuel
38%
1218 - 1241 Ivan Assen II
31%
1279 - 1280 Ivan Assen III
31%
803 - 814 Kroum
31%
1246 - 1256 Michel II
31%
1323 - 1330 Michel III
31%
1196 - 1207 Kaloyan
23%
681 - 701 Asparoukh
15%
852 - 889 Boris Ier
15%
1886 - 1918 Ferdinand Ier
15%
1015 - 1018 Ivan Vladislav
15%
1256 - 1257 Mitso Asen
15%
927 - 969 Pierre Ier
15%
893 - 927 Siméon Ier
15%
701 - 718 Tervel
15%
718 Ajjar
8%
1207 - 1218 Boril
8%
1014 - 1015 Gabriel Radomir
8%
1322 - 1323 Georges II
8%
1190 - 1196 Ivan Assen Ier
8%
1330 - 1331 Ivan Stefan
8%
777 - 803 Kardam
8%
718 - 724 Kormesius
8%
753 - 756 Kormisoch
8%
831 - 836 Malamir
8%
814 - 831 Omourtag
8%
767 - 768 Pagan
8%
977 - 991 Romain
8%
765 - 766 Savin
8%
724 - 753 Sevar
8%
768 - 777 Telerig
8%
762 - 765 Teletz
8%
766 - 767 Toktu
8%
766 Umor
8%
756 - 762 Vinekh
8%
889 - 893 Vladimir Rassaté
8%
1878 - 1886 Alexandre Ier
0%
1257 - 1277 Constantin Ier
0%
1280 - 1292 Georges Ier
0%
1277 - 1279 Ivaïlo
0%
1371 - 1395 Ivan Chichman
0%
1395 - 1396 Ivan Sratsimir
0%
1241 - 1246 Koloman Ier
0%
1256 Koloman II
0%
836 - 852 Pressiyan Ier
0%
1292 - 1298 Smilets
0%
1300 - 1322 Théodore Svetoslav
0%
1298 - 1300 Tzaka
0%
Aucun quiz correspondant
Distribution des résultats
% des personnes avec chaque résultat
Percentile par nombre de réponses
Votre historique - résultats
Vous n’avez pas pris ce quiz